[Event "Innsbruck op-B 2nd"]
[Site "Innsbruck"]
[Date "2018.08.27"]
[Round "4"]
[White "Perkmann, Gottfried"]
[Black "Fasching, Andreas"]
[Result "1/2-1/2"]
[WhiteElo "1638"]
[BlackElo "1772"]
[PlyCount "61"]
[EventDate "2018.08.24"]
[EventType "swiss"]
[EventRounds "9"]
[EventCountry "AUT"]
[SourceTitle "CBM 186 Extra"]
[Source "ChessBase"]
[SourceDate "2018.08.24"]
[SourceVersion "1"]
[SourceVersionDate "2018.08.24"]
[SourceQuality "1"]

1. e4 c6 2. d4 d5 3. Nd2 dxe4 4. Nxe4 Bf5 5. Ng3 Bg6 6. Nf3 e6 7. Bd3 Bxd3 8. Qxd3 Nd7 9. 0-0 h6 10. Re1 Be7 11. Bf4 Ngf6 12. Rad1 Qb6 13. Bc1 Rd8 14. b3 0-0 15. Qe2 Bb4 16. Bd2 Nd5 17. Bxb4 Qxb4 18. Ra1 N7f6 19. Ne4 Nxe4 20. Qxe4 Nc3 21. Qe3 Nb5 22. Red1 Rd7 23. Rd3 Nd6 24. c3 Qb5 25. c4 Qh5 26. h3 Qf5 27. Ne5 Rc7 28. Re1 Rd8 29. Qe2 Qh7 30. Red1 Qe4 31. Re3 1/2-1/2

[Event "Innsbruck op-B 2nd"]
[Site "Innsbruck"]
[Date "2018.08.24"]
[Round "1"]
[White "Tozaki, Halil"]
[Black "Perkmann, Gottfried"]
[Result "1/2-1/2"]
[WhiteElo "1967"]
[BlackElo "1638"]
[PlyCount "160"]
[EventDate "2018.08.24"]
[EventType "swiss"]
[EventRounds "9"]
[EventCountry "AUT"]
[SourceTitle "CBM 186 Extra"]
[Source "ChessBase"]
[SourceDate "2018.08.24"]
[SourceVersion "1"]
[SourceVersionDate "2018.08.24"]
[SourceQuality "1"]

1. d4 Nf6 2. c4 e6 3. Nf3 d5 4. e3 c6 5. Nc3 Nbd7 6. Qc2 Be7 7. b3 a6 8. Bd3 dxc4 9. bxc4 b5 10. 0-0 h6 11. e4 bxc4 12. Bxc4 0-0 13. Re1 Bb7 14. Rb1 Rb8 15. Bf4 Qa5 16. Bxb8 Rxb8 17. e5 Nd5 18. Bxd5 cxd5 19. Ne2 Qd8 20. Rb3 Rc8 21. Rc3 Rxc3 22. Qxc3 a5 23. Rc1 Ba6 24. Ng3 Bc4 25. Qc2 Ba3 26. Rb1 Nb6 27. Nd2 g6 28. Ngf1 Bb4 29. Ne3 Qc7 30. Ng4 Kg7 31. Nf6 Qd8 32. Nxc4 Nxc4 33. Rb3 Qe7 34. Qd3 Nd2 35. Rb2 Nc4 36. Rc2 h5 37. h4 Be1 38. Rc1 Bb4 39. Qc2 Qd8 40. Qa4 Kh6 41. Qe8 Qxe8 42. Nxe8 g5 43. hxg5+ Kxg5 44. Kf1 Ba3 45. Rc3 h4 46. Ke2 Bb4 47. Rc2 Kf5 48. Kd3 Ba3 49. Rxc4 dxc4+ 50. Kxc4 Bb4 51. Kd3 Be1 52. Nd6+ Kg6 53. f4 Bb4 54. Ne4 Ba3 55. Nd6 Bb4 56. Nc4 Kf5 57. Ke3 Kg4 58. Kf2 Kxf4 59. Nd6 Bc3 60. Nxf7 Bxd4+ 61. Kf1 Bxe5 62. Nd8 Kf5 63. Kf2 Bg3+ 64. Kf3 e5 65. Nc6 Be1 66. Ke2 Bc3 67. Kf3 e4+ 68. Ke3 Kg4 69. Kf2 e3+ 70. Kxe3 Kg3 71. Ne7 Kxg2 72. Ng6 Be1 73. Nf4+ Kg1 74. Kf3 Kf1 75. a4 Bd2 76. Nh3 Be1 77. Nf4 Bg3 78. Nh3 Be1 79. Nf4 Kg1 80. Kg4 Kh2 1/2-1/2

[Event "Innsbruck op-B 1st"]
[Site "Innsbruck"]
[Date "2017.09.02"]
[Round "9"]
[White "Heinrich, Leon"]
[Black "Perkmann, Gottfried"]
[Result "1-0"]
[WhiteElo "1620"]
[BlackElo "1721"]
[PlyCount "59"]
[EventDate "2017.08.25"]
[EventType "swiss"]
[EventRounds "9"]
[EventCountry "AUT"]
[SourceTitle "CBM 180 Extra"]
[Source "ChessBase"]
[SourceDate "2017.10.06"]
[SourceVersion "1"]
[SourceVersionDate "2017.10.06"]
[SourceQuality "1"]

1. d4 c5 2. d5 d6 3. Nf3 Nf6 4. Nc3 g6 5. e4 Nbd7 6. Be2 Bg7 7. h3 a6 8. a4 Qc7 9. 0-0 0-0 10. Bg5 h6 11. Bf4 Kh7 12. Qd2 b6 13. Bc4 Nh5 14. Be3 f5 15. exf5 Rxf5 16. Nh4 Rf8 17. g4 Nhf6 18. f4 Ng8 19. Bd3 Rf6 20. Ne4 Nf8 21. Nxf6+ Nxf6 22. c4 e5 23. dxe6 Bxe6 24. f5 Bf7 25. fxg6+ Bxg6 26. Nxg6 Nxg6 27. Qc2 Qf7 28. g5 hxg5 29. Bxg5 Re8 30. h4 1-0

[Event "Seefeld op 19th"]
[Site "Seefeld"]
[Date "2008.09.12"]
[Round "8"]
[White "Werner, Bernd"]
[Black "Perkmann, Gottfried"]
[Result "0-1"]
[WhiteElo "1955"]
[BlackElo "1764"]
[PlyCount "72"]
[EventDate "2008.09.05"]
[EventType "swiss"]
[EventRounds "9"]
[EventCountry "AUT"]
[SourceTitle "EXT 2019"]
[Source "ChessBase"]
[SourceDate "2018.10.10"]
[SourceVersion "1"]
[SourceVersionDate "2018.10.10"]
[SourceQuality "1"]

1. e4 e6 2. d4 d5 3. e5 c5 4. c3 Nc6 5. Nf3 Qb6 6. Bd3 cxd4 7. cxd4 Bb4+ 8. Nc3 Bd7 9. 0-0 Nxd4 10. Nxd4 Qxd4 11. Bb5 Bxc3 12. Bxd7+ Kxd7 13. bxc3 Qxd1 14. Rxd1 Rc8 15. Rb1 b6 16. Bb2 Ne7 17. Rbc1 Rc4 18. g3 Rhc8 19. Rd4 Rxd4 20. cxd4 Rxc1+ 21. Bxc1 b5 22. f4 Nc6 23. Bb2 a5 24. Kf1 b4 25. Ke2 Kc7 26. Kd3 a4 27. g4 g6 28. h3 Na5 29. Bc1 Kc6 30. Bd2 Kb5 31. Be3 Nc4 32. Bc1 b3 33. axb3 axb3 34. Kc3 b2 35. Bxb2 Nxb2 36. Kxb2 Kc4 0-1

[Event "Seefeld op 19th"]
[Site "Seefeld"]
[Date "2008.09.10"]
[Round "6"]
[White "Ganslmayer, Herbert"]
[Black "Perkmann, Gottfried"]
[Result "1/2-1/2"]
[WhiteElo "2026"]
[BlackElo "1764"]
[PlyCount "145"]
[EventDate "2008.09.05"]
[EventType "swiss"]
[EventRounds "9"]
[EventCountry "AUT"]
[SourceTitle "EXT 2010"]
[Source "ChessBase"]
[SourceDate "2010.11.25"]
[SourceVersion "1"]
[SourceVersionDate "2010.11.25"]
[SourceQuality "1"]

1. e4 e6 2. d3 d5 3. Nd2 Nf6 4. Ngf3 c5 5. g3 Nc6 6. Bg2 Be7 7. 0-0 0-0 8. Nh4 d4 9. f4 e5 10. f5 Qc7 11. g4 Nxe4 12. Ndf3 Nd6 13. Qe1 Re8 14. Ng5 Qd8 15. Nhf3 h6 16. Ne4 Nxe4 17. Qxe4 Bf6 18. Bd2 Bd7 19. h4 Bxh4 20. Nxh4 Qxh4 21. Rf3 Qf6 22. g5 hxg5 23. Qg4 g6 24. Bxg5 gxf5 25. Qh4 Qh8 26. Bh6 f4 27. Qg5+ Kh7 28. Rh3 Bxh3 29. Bxh3 Rg8 30. Bf5+ Rg6 31. Kf2 Qd8 32. Bxg6+ fxg6 33. Rh1 Qxg5 34. Bxg5+ Kg7 35. a3 Nd8 36. Kf3 Nf7 37. Be7 b6 38. Ke4 Re8 39. Bh4 Re6 40. Rg1 a6 41. a4 a5 42. c4 dxc3 43. bxc3 Rd6 44. Rd1 g5 45. Bf2 Kg6 46. d4 exd4 47. cxd4 cxd4 48. Bxd4 Re6+ 49. Kd5 Rd6+ 50. Ke4 Nd8 51. Rb1 Kf7 52. Bxb6 Nc6 53. Rb5 Kg6 54. Bc5 Rd1 55. Rb6 Re1+ 56. Kd5 Ra1 57. Rxc6+ Kf5 58. Bd4 Rxa4 59. Bc3 Ra2 60. Rc5 a4 61. Kd4+ Kg4 62. Kd3 Rg2 63. Bf6 Rg3+ 64. Ke2 Kh5 65. Kf2 a3 66. Ra5 Kg6 67. Bxg5 Rxg5 68. Rxa3 Kf5 69. Ra1 Rg3 70. Ra8 Kg4 71. Rg8+ Kh3 72. Rh8+ Kg4 73. Rg8+ 1/2-1/2

[Event "Seefeld op 19th"]
[Site "Seefeld"]
[Date "2008.09.08"]
[Round "4"]
[White "Fahnenschmidt, Gerhard"]
[Black "Perkmann, Gottfried"]
[Result "1/2-1/2"]
[WhiteElo "2058"]
[BlackElo "1764"]
[PlyCount "82"]
[EventDate "2008.09.05"]
[EventType "swiss"]
[EventRounds "9"]
[EventCountry "AUT"]
[SourceTitle "EXT 2010"]
[Source "ChessBase"]
[SourceDate "2010.11.25"]
[SourceVersion "1"]
[SourceVersionDate "2010.11.25"]
[SourceQuality "1"]

1. c4 Nf6 2. Nc3 c6 3. e4 d6 4. d4 g6 5. Bg5 h6 6. Bxf6 exf6 7. f4 Bg7 8. Be2 Nd7 9. g4 f5 10. h4 fxe4 11. h5 Nf6 12. hxg6 fxg6 13. g5 hxg5 14. Rxh8+ Bxh8 15. fxg5 Nh7 16. Nxe4 Nxg5 17. Ng3 Bf5 18. Nxf5 gxf5 19. Qd3 Qf6 20. Bh5+ Kd7 21. 0-0-0 Ne4 22. Qf3 Qg5+ 23. Kc2 Rf8 24. Ne2 Rg8 25. c5 d5 26. Nf4 Qg3 27. Qxg3 Rxg3 28. Rf1 Bxd4 29. Bg6 Rg5 30. Rh1 Bxc5 31. Rh7+ Be7 32. Bf7 Kd6 33. Rh6+ Bf6 34. Nh5 Ke5 35. Be8 Bg7 36. Rh7 Rg2+ 37. Kb1 Bf6 38. Rxb7 Kd6 39. Rd7+ Kc5 40. Rxa7 Rxb2+ 41. Kc1 Rc2+ 1/2-1/2

[Event "Seefeld op 18th"]
[Site "Seefeld"]
[Date "2007.09.04"]
[Round "4"]
[White "Kreusch, Frank"]
[Black "Perkmann, Gottfried"]
[Result "1-0"]
[WhiteElo "2022"]
[BlackElo "1799"]
[PlyCount "109"]
[EventDate "2007.09.01"]
[EventType "swiss"]
[EventRounds "9"]
[EventCountry "AUT"]
[SourceTitle "EXT 2009"]
[Source "ChessBase"]
[SourceDate "2008.11.26"]
[SourceVersion "1"]
[SourceVersionDate "2008.11.26"]
[SourceQuality "1"]

1. e4 d6 2. d4 Nf6 3. Nc3 g6 4. Be3 Bg7 5. Bc4 0-0 6. Qd2 Ng4 7. Bg5 h6 8. Bh4 g5 9. Bg3 c5 10. d5 Nd7 11. h4 Nde5 12. Be2 gxh4 13. Rxh4 f5 14. f3 Nf6 15. 0-0-0 Ng6 16. Rh1 f4 17. Bf2 a6 18. g3 b5 19. Nh3 Qa5 20. Nxf4 Nxf4 21. gxf4 b4 22. Nb1 Qxa2 23. Rdg1 Ng4 24. e5 Nxf2 25. Rh2 Nh3 26. Rg3 Nxf4 27. Rxh6 dxe5 28. Qe3 Qxd5 29. Nd2 Nxe2+ 30. Qxe2 Bf5 31. Qe3 Rad8 32. Rxg7+ Kxg7 33. Qg5+ Kf7 34. Qxf5+ Ke8 35. Qg6+ Kd7 36. Qxa6 Ra8 37. Qb5+ Kd8 38. Qb6+ Ke8 39. Rh7 Kd7 40. Qb5+ Kd8 41. Qb6+ Kd7 42. Qb5+ Ke6 43. Qb6+ Qd6 44. Qb7 Rab8 45. Qe4 Qd5 46. Rxe7+ Kd6 47. Rd7+ Kxd7 48. Qxd5+ Ke7 49. Qxe5+ Kf7 50. Ne4 Kg8 51. Nf6+ Kf7 52. Nd7 Rbe8 53. Qf5+ Kg7 54. Nxf8 c4 55. Ne6+ 1-0

[Event "Tirol-ch"]
[Site "Kramsach"]
[Date "2007.06.27"]
[Round "4.8"]
[White "Pichler, Walter"]
[Black "Perkmann, Gottfried"]
[Result "1-0"]
[WhiteElo "1872"]
[BlackElo "1799"]
[PlyCount "111"]
[EventDate "2007.06.24"]
[EventType "swiss"]
[EventRounds "7"]
[EventCountry "AUT"]
[SourceTitle "EXT 2024"]
[Source "ChessBase"]
[SourceDate "2023.10.10"]
[SourceVersion "1"]
[SourceVersionDate "2023.10.10"]
[SourceQuality "1"]

1. c4 Nf6 2. Nc3 g6 3. e4 d6 4. g3 Bg7 5. Bg2 0-0 6. Nge2 Nbd7 7. 0-0 c6 8. d3 Qc7 9. h3 e5 10. Be3 Nc5 11. Qd2 Re8 12. Rad1 Be6 13. f4 exf4 14. Nxf4 Rad8 15. Nxe6 Nxe6 16. Qf2 b6 17. Bf3 Nd7 18. Be2 Nf6 19. Bf3 Nc5 20. Kg2 a5 21. Bd4 Ncd7 22. Bg4 Ne5 23. Bxb6 Nexg4 24. hxg4 Nxg4 25. Bxc7 Nxf2 26. Rxf2 Rd7 27. Bb6 Ra8 28. Be3 a4 29. d4 a3 30. b3 Re7 31. Rd3 Rae8 32. Bf4 Rd7 33. Kf3 h6 34. Bc1 Ra8 35. Na4 Rb7 36. Bxa3 Rd8 37. Bb2 d5 38. exd5 cxd5 39. cxd5 Rxd5 40. Rc2 Rf5+ 41. Kg2 Rd7 42. Rc4 Re7 43. Rc2 Re1 44. Rf2 Rh5 45. d5 g5 46. Kf3 f5 47. Re3 Rd1 48. Bxg7 Kxg7 49. Rc3 Kf6 50. Rc6+ Kf7 51. Nc3 Rd3+ 52. Ke2 Rxg3 53. Rxf5+ Kg7 54. Ne4 Rg2+ 55. Rf2 Rg4 56. Rc7+ 1-0

[Event "Tirol-ch"]
[Site "Kramsach"]
[Date "2007.06.24"]
[Round "1.2"]
[White "Gerhold, Michael"]
[Black "Perkmann, Gottfried"]
[Result "1-0"]
[WhiteElo "2218"]
[BlackElo "1799"]
[PlyCount "61"]
[EventDate "2007.06.24"]
[EventType "swiss"]
[EventRounds "7"]
[EventCountry "AUT"]
[SourceTitle "EXT 2024"]
[Source "ChessBase"]
[SourceDate "2023.10.10"]
[SourceVersion "1"]
[SourceVersionDate "2023.10.10"]
[SourceQuality "1"]

1. Nf3 Nf6 2. c4 c5 3. Nc3 Nc6 4. g3 g6 5. d4 cxd4 6. Nxd4 Bg7 7. Bg2 0-0 8. 0-0 a6 9. c5 Qc7 10. Nb3 b6 11. Bf4 Qa7 12. Na4 bxc5 13. Nbxc5 Nh5 14. Be3 Qc7 15. Rc1 Qd6 16. Qxd6 exd6 17. Nb6 Rb8 18. Ncxd7 Bxd7 19. Nxd7 Nb4 20. Nxf8 Kxf8 21. Ba7 Rb5 22. a3 Na2 23. Rc8+ Ke7 24. Bc6 Rb3 25. Ra1 Bxb2 26. Rxa2 Be5 27. Bd5 Rb1+ 28. Kg2 f5 29. Rac2 f4 30. R2c7+ Kf6 31. Rf8+ 1-0

[Event "Seefeld op 16th"]
[Site "Seefeld"]
[Date "2005.09.18"]
[Round "2"]
[White "Perkmann, Gottfried"]
[Black "Born, Bernd Ludger"]
[Result "1-0"]
[WhiteElo "1690"]
[BlackElo "2036"]
[PlyCount "77"]
[EventDate "2005.09.17"]
[EventType "swiss"]
[EventRounds "9"]
[EventCountry "AUT"]
[SourceTitle "EXT 2007"]
[Source "ChessBase"]
[SourceDate "2006.11.23"]
[SourceVersion "1"]
[SourceVersionDate "2006.11.23"]
[SourceQuality "1"]

1. Nf3 Nf6 2. g3 b6 3. c4 c5 4. Nc3 Bb7 5. d3 e6 6. Bg2 Be7 7. 0-0 0-0 8. e4 d6 9. h3 Nc6 10. Be3 Nd7 11. Nh2 f5 12. f4 Qc8 13. g4 Nd4 14. Ne2 Nxe2+ 15. Qxe2 g6 16. exf5 exf5 17. Bd2 Bf6 18. Qe6+ Kg7 19. Nf3 Qc7 20. Rae1 fxg4 21. Qxg4 Rae8 22. h4 Bxb2 23. h5 Nf6 24. h6+ Kh8 25. Qg5 Qd7 26. Nh4 Bd4+ 27. Kh1 Bxg2+ 28. Qxg2 Qg4 29. Qxg4 Nxg4 30. f5 gxf5 31. Rxf5 Rxe1+ 32. Bxe1 Rxf5 33. Nxf5 Be5 34. Kg2 Kg8 35. Bh4 Kf7 36. Kh3 Nf6 37. Bxf6 Kxf6 38. Kg4 Kg6 39. a3 1-0